A golden thread : 2500 years of solar architecture and technology
Contents: Early use of the sun, Solar architecture in ancient Greece, Roman solar architecture, Burning mirrors,...
Na minha lista:
| Autor principal: | |
|---|---|
| Formato: | Livro |
| Idioma: | Undetermined |
| Publicado em: |
Palo Alto
Cheshire Books
1980
|
| Assuntos: | |
| Tags: |
Adicionar Tag
Sem tags, seja o primeiro a adicionar uma tag!
|
| Thư viện lưu trữ: | Trung tâm Học liệu Trường Đại học Cần Thơ |
|---|
| LEADER | 00777nam a2200229Ia 4500 | ||
|---|---|---|---|
| 001 | CTU_221829 | ||
| 008 | 210402s9999 xx 000 0 und d | ||
| 020 | |c 2.86 | ||
| 082 | |a 621.4709 | ||
| 082 | |b B988 | ||
| 100 | |a Butti, Ken | ||
| 245 | 2 | |a A golden thread : | |
| 245 | 0 | |b 2500 years of solar architecture and technology | |
| 245 | 0 | |c Ken Butti and John Perlin | |
| 260 | |a Palo Alto | ||
| 260 | |b Cheshire Books | ||
| 260 | |c 1980 | ||
| 520 | |a Contents: Early use of the sun, Solar architecture in ancient Greece, Roman solar architecture, Burning mirrors,... | ||
| 650 | |a Solar energy,Năng lượng mặt trời | ||
| 650 | |x History,Lịch sử | ||
| 904 | |i Nguyễn An Khang,Hải | ||
| 980 | |a Trung tâm Học liệu Trường Đại học Cần Thơ | ||